|
|
|
|
| LEADER |
00000nam a22000007a 4500 |
| 005 |
20120906181128.0 |
| 007 |
cr|||| |||| |
| 008 |
120906c20079999mx |||| s|||| 0||| 1spa d |
| 035 |
|
|
|a 6630
|
| 040 |
|
|
|a vLex
|
| 090 |
|
|
|c 3391
|d 3391
|
| 245 |
0 |
0 |
|a Dignitas
|h [Recurso electrn̤ico]
|
| 256 |
|
|
|a Servicio en ln̕ea
|
| 260 |
|
|
|a Tlalnepantla de Baz :
|b Comisin̤ de Derechos Humanos del Estado de Mx̌ico (CODHEM) ,
|c 2007 -
|
| 300 |
|
|
|a 1 recurso electrn̤ico
|
| 306 |
|
|
|a Irregular
|
| 362 |
|
|
|a Nm︢. 1 (2007) -
|
| 506 |
1 |
|
|a Contenido solo disponible en los productos indicados
|d vLex Global
|d vLex Global (Academic Edition, excluding Law Schools)
|d vLex Global (U.S. Academic Edition, Law Schools)
|d vLex Global (U.S. Academic Edition, excluding Law Schools)
|d vLex Global (Academic Edition, Law Schools)
|
| 650 |
0 |
4 |
|a Derecho humanos
|z Mx̌ico
|
| 740 |
0 |
|
|a vLex Libros (Servicio en ln̕ea)
|
| 856 |
4 |
0 |
|u http://vlex.com/source/dignitas-6630
|z Acceso restringido
|
| 942 |
|
|
|c BOOK
|
| 999 |
0 |
|
|a Human rights
|